00261nam a2200109Ia 4500008004100000041000800041082002200049100001500071245002500086260003100111300000900142230411s9999 xx 000 0 und d aeng aSO/301/POT/B05859 aPothen K P aSociology for Nurses bN R BrothersaIndorec2004 a268p